Tecnología del Tratamiento Térmico de los Aceros

Bibliographic Details
Main Author: Gordon Cintra, Jorge
Format: Section = Libro
Language:Undetermined
Spanish
Published: Cuba Universidad Centrales de las Villas 1985
Subjects:
LEADER 00492nam a2200169Ia 4500
008 240829s9999 xx 000 0 und d
040 |a BIBLIOTECA-RUPAP 669.96 G662 
041 |a spa 
082 |a 669.96 G662 
100 1 |a Gordon Cintra, Jorge 
245 1 0 |a Tecnología del Tratamiento Térmico de los Aceros 
260 |a Cuba  |b Universidad Centrales de las Villas  |c 1985 
300 |a 164 p. :il. 
650 7 |a METALES-TRATAMIENTO TERMICO. I. Tít. 
942 |c BK  |2 ddc 
991 |a TEXTO 
999 |c 9008